000 00890nam a22002417a 4500
999 _c14661
_d14661
003 AR-CdUCM
008 190424b ||||| |||| 00| 0 spa d
020 _a978-84-441-5009-3
040 _aMUNICIPALIDAD PROVINCIAL DEL CUSCO
_cBIBLIOTECA MUNICIPAL DEL CUSCO
082 _aPI / 376.12 /
_bS79
100 _aSteinmeyer, Martha
_933515
245 _a¡Una granja muy especial! /
260 _aLa coruña :
_bEverest,
_c2013.
300 _a47 páginas ;
_bIlustraciones,
_c26 cm.
440 _aMis primeras manualidades
_933514
505 _aContenido: Pajaritos de algodón -- Dulces conejitos -- Una casita para los conejos -- Abejorros de primavera -- Dulces florecitas ...
650 _aManualidades
_915530
650 _aInfantes
_931509
700 _aMerthan, Bärbel
_933513
700 _aAlfonso Mory, Elsa (traductor)
_933516
942 _2ddc
_cLIBROS
945 _acmm
_d2019-04-24